Moderné systémy riadenia kvality

Enregistré dans:
Détails bibliographiques
Auteur principal: Nováková, Marta
Format: Logiciel Livre
Langue:slovaque
Publié: Bratislava STU FCHPT 2009
Accès en ligne:Voir à l'OPAC
Tags: Ajouter un tag
Pas de tags, Soyez le premier à ajouter un tag!

MARC

LEADER 00000nam a2200000 a 4500
005 20260127134304.0
007 co ugu
008 090827 2009 xo 000 0 slo d
035 |a vtls009944007 
039 9 |a 201007261035  |b masnk01  |y 200908270910  |z mschk03 
040 |a STUSCHK1  |b slo  |c STUSCHK1  |e AACR2 
100 1 |a Nováková, Marta 
245 1 |a Moderné systémy riadenia kvality  |c Marta Nováková 
260 |a Bratislava  |b STU FCHPT  |c 2009 
300 |a 1 elektronický disk 
500 |a Obháj.: 14.7. 2009 
500 |a Odbor: chemická technológia 
500 |a Bakalárska práca na CD-ROMe 
500 |a Ústav manažmentu STU Bratislava 
910 |a SCHK95 
999 |c 8877  |d 8877